|
|
|
|
| LEADER |
00000nam a2200000Ia 4500 |
| 008 |
180606b1996 cr ||||| |||| 00| | spa d |
| 999 |
|
|
|c 1115
|d 1115
|
| 020 |
|
|
|a 997767-410-8
|
| 090 |
|
|
|a 06.03.07
|b 11
|
| 100 |
1 |
|
|a Villalobos Morales, José Alberto
|9 2625
|
| 245 |
1 |
0 |
|a Ciencias 7 : texto
|
| 260 |
|
|
|a San José, C.R. :
|b Editorial de la Universidad de Costa Rica,
|c 1996
|
| 300 |
|
|
|a 240 páginas
|
| 500 |
|
|
|a Contiene: Guía didáctica 7
|
| 650 |
1 |
4 |
|a ENSEÑANZA DE LAS CIENCIAS
|9 996
|
| 650 |
1 |
4 |
|a CIENCIA Y TECNOLOGÍA
|9 37
|
| 650 |
1 |
4 |
|a CIENCIAS NATURALES
|9 1934
|
| 942 |
|
|
|i 00687 ,00604
|h 06.03.07 11
|2 z
|c 01
|